| 000 | 00622cam a22002053a 4500 | ||
|---|---|---|---|
| 001 | 36297 | ||
| 003 | PGUSA | ||
| 005 | 20140828083802.0 | ||
| 008 | 110601s2011||||xxu|||||s|||||000 | eng d | ||
| 040 |
_aPGUSA _beng |
||
| 042 | _adc | ||
| 100 | 1 |
_aLuckiesh, Matthew, _d1883-1967 |
|
| 245 | 1 | 0 |
_aVisual Illusions : _bTheir Causes, Characteristics and Applications _h[electronic resource] / _cMatthew Luckiesh |
| 260 |
_bProject Gutenberg, _c2011 |
||
| 506 | _aPublic domain in the USA. | ||
| 516 | _aElectronic text | ||
| 830 | 0 |
_aProject Gutenberg _v36297 |
|
| 856 | 4 | 0 | _uhttp://www.gutenberg.org/ebooks/36297 |
| 942 | _cEB | ||
| 999 |
_c265552 _d265552 |
||